000 00563nam a2200181 4500
001 118317
003 ES-MaACL
005 20240418063117.0
007 t|
008 070214s1968 sp r ||||1| spa d
100 1 _aPerucho, Joan,
_d1920-2003
_991415
245 1 4 _aLas historias naturales /
_cJoan Perucho ; versión de José Corredor Matheos.
260 _aBarcelona :
_bE.M.,
_c1968.
300 _a315 p. :
_bil. ;
_c19 cm.
700 0 _aCorredor-Matheos, José,
_d1929-
_940776
852 _aES-MaACL
_jC-51083
_bR.65580
999 _c118317
_d118317